000 00940nam0a2200301 4500
001 RU\NLR\bibl\37614
005 20250615024738.0
010 _a5-93284-001-3
_925000
021 _aRU
_b99-14955
_9723
035 _a(NLR Aleph) 000036653
090 _a188479
_c188479
100 _a19990709d1999 |||y0rusy50 ca
101 0 _arus
102 _aRU
105 _ao |||||||||
200 1 _aЗвенящие Кедры России
_fВладимир Мегре
210 _aМ.
_cИЦ Анастасии
_d1999
215 _a384 с.
_d21
225 1 _aЗвенящие кедры России
_vКн. 2
600 0 _aАнастасия
_92078895
_3RU\NLR\auth\661254762
686 _aЮ96
700 1 _aМегре
_bВ.
_f1950-
_gВладимир Николаевич
_4070
801 0 _aRU
_bNLR
_c19990709
_gPSBO
801 1 _aRU
_bNLR
_c19990709
852 _aNLR
_j99-3/7079
942 _cBOOK
980 _aNB